书目信息 |
| 题名: |
媒介管理研究
|
|
| 作者: | 胡正荣 | |
| 分册: | ||
| 出版信息: | 北京 北京广播学院出版社 36708 |
|
| 页数: | 311页 | |
| 开本: | 23cm | |
| 丛书名: | ||
| 单 册: | ||
| 中图分类: | G221 | |
| 科图分类: | ||
| 主题词: | 广播事业 , 电视事业 | |
| 电子资源: | ||
| ISBN: | 7-81004-843-0 | |
| 000 | 00528nam0 2200193 450 | |
| 001 | 0728815141 | |
| 005 | 20070819080015.14 | |
| 010 | @a7-81004-843-0@d¥38.00 | |
| 100 | @a20070819d km y0chiy0120 ea | |
| 101 | 0 | @achi |
| 200 | 1 | @a媒介管理研究@Amei jie guan li yan jiu@f胡正荣@Fhu zheng rong |
| 210 | @a北京@c北京广播学院出版社@d36708 | |
| 215 | @a311页@d23cm | |
| 606 | 0 | @a广播事业 |
| 606 | 0 | @a电视事业 |
| 690 | @aG221@v3 | |
| 701 | 0 | @a胡正荣@Ahu zheng rong |
| 801 | 0 | @aCN@bPFT@c20070819 |
| 905 | @a213230@dG221@eZW50@f1 | |
| 媒介管理研究/胡正荣.-北京:北京广播学院出版社,36708 |
| 311页;23cm |
| ISBN 7-81004-843-0:¥38.00 |
| ● |
| 相关链接 |
|
|
|
|
正题名:媒介管理研究
索取号:G221/ZW50
 
预约/预借
| 序号 | 登录号 | 条形码 | 馆藏地/架位号 | 状态 | 备注 |
| 1 | 7612502 | 276125024 | 密集书库-文学院/ [索取号:G221/ZW50] | 在馆 |